Élelmiszeripar, Európa

Elmentve itt :
Bibliográfiai részletek
Dokumentumtípus: Cikk
Megjelent: 2009-10-15
Sorozat:Délmagyarország 99 No. 242
Kulcsszavak:Konferencia, Élelmiszeripar, Európa, Ökonómiai és Vidékfejlesztési Intézet
Online Access:http://dmarchiv.bibl.u-szeged.hu/128671
LEADER 00464nab a2200145 i 4500
001 delm128671
005 20200131114554.0
008 200131s2009 hu o 0|| hun d
040 |a SZTE Délmagyarország Archívum  |b hun 
041 |a hun 
245 0 0 |a Élelmiszeripar, Európa  |h [elektronikus dokumentum] 
260 |c 2009-10-15 
300 |a 14 
490 0 |a Délmagyarország  |v 99 No. 242 
695 |a Konferencia, Élelmiszeripar, Európa, Ökonómiai és Vidékfejlesztési Intézet